000 00698nam a2200229Ia 4500
003 OSt
005 20220107122738.0
008 130318s9999 xx 000 0 und d
020 _a9788120309210
040 _cIIITM-K
082 _a006.35 BHA/N;1
100 _aBharati, Akshar
_94283
245 _aNatural language processing:
_bA Paninian processing
_cby Akshar Bharati; Vineet Chaitanya; Rajeev Sangal
260 _bPHI Learning,
_aNew Delhi,
_c1995.
300 _axviii, 218p.
650 _aCOMPUTATIONAL LINGUISTICS
_94284
650 _aNATURAL LANGUAGE PROCESSING
_94285
650 _aNLP
_94286
700 _aChaitanya, Vineet
_94287
700 _aSangal, Rajeev
_94288
942 _2ddc
_cBK
999 _c3891
_d3891